000 00694nas a2200229 4500
001 BR7800525
003 BR-BrBNA
005 20231205083312.0
007 ta
008 230509b bl.|||p| |||| 00| 00por d
040 _aBR-BrBNA
_bpor
_cBiblioteca Nacional de Agricultura
041 _a(Pt)
072 _aH20
100 1 _aSalgado, I.
100 1 _aFigueiredo, P.
100 1 _aOliveira, A.R.
245 1 _aEstudo da biologia das racas 1, 2 e 3 de Hemileia vastatrix Berk et Br. [ferrugem]
650 _aFERRUGEM
773 0 _tFitopatologia Brasileira (Brazil)
_xISSN 0100-4158
_g(Feb 1977), v. 2(1) p. 101
_wBR7800525
909 _a202311
_bLúcia
_c55
_dLúcia Elande
942 _2AGRIS
_n0
_cANA
999 _c97837
_d97837